000 01655nam2a22002771 4500
001 RU\NLR\INFOCOMM29\5000123545
005 20250617133033.0
035 _a(NLR Aleph) 002632330
090 _a3712254
_c3712254
100 _a20050215d1960 |||y0rusy50 ca
101 0 _arus
102 _aRU
105 _ay ||||000|y
200 1 _aРентгеновский теневой микроскоп ЭВ-35
_fГ.О. Багдыкьянц, Шишацкий
210 _d1960
_aБ. м.
225 1 _aТема 30. Приборы для исследования физико-механических свойств и структуры металлов и материалов
_vВып.1
461 0 _1001RU\NLR\INFOCOMM29\5000122211
_12001#$aПередовой научно-технический и производственный опыт$iПриборы для научных исследований$fГос. Науч.-техн. ком. Совета министров РСФСР. Центр. ин-т техн. экон. информации$v1960, №П-60-1
_93998407
_cМ.
_d1958-
_fГос. Науч.-техн. ком. Совета министров РСФСР. Центр. ин-т техн. экон. информации
_iПриборы для научных исследований
_tПередовой научно-технический и производственный опыт
_v1960, №П-60-1
700 1 _aБагдыкьянц
_bГ.О.
_4070
701 1 _aШишацкий
_4070
801 1 _aRU
_bInfoComm
_c20050216
801 0 _aRU
_bNLR
_gPSBO
852 _aNLR
_jП11/1555
942 _cISSUE
980 _aNB
980 _aRUSPER